Návrh a analýza jednopólového prístrojového transformátora napätia : dátum obhajoby 19.8.2021

Na minha lista:
Detalhes bibliográficos
Autor principal: Český, Lukáš (Author)
Outros Autores: Janíček, František (Thesis advisor)
Formato: Manuscrito Livro
Idioma:eslovaco
Publicado em: Bratislava : STU v Bratislave FEI, 2021
Assuntos:
Acesso em linha:http://is.stuba.sk/zp/portal_zp.pl?podrobnosti=138089
Tags: Adicionar Tag
Sem tags, seja o primeiro a adicionar uma tag!

MARC

LEADER 00000ntm a22000003a 4500
001 stuzp60000
003 SK-STU
005 20230509125118.3
007 ta
008 150427s2015----xo-----f-mn---000-0-slo-d
040 |a STU  |b slo 
041 0 |a slo 
044 |a xo 
100 1 |a Český, Lukáš  |u 032000  |4 aut  |U FEI Fakulta elektrotechniky a informatiky  |T FEI Ústav elektroenergetiky a aplikovanej elektrotechniky  |X 9009  |U E020  |Y 548  |7 9009 
242 0 1 |a Design and analysis of single pole instrument transformer of voltage  |y eng 
245 1 0 |a Návrh a analýza jednopólového prístrojového transformátora napätia :  |b dátum obhajoby 19.8.2021 
260 |a Bratislava :  |b STU v Bratislave FEI,  |c 2021 
300 |a 104 s.,  |b AUTOREF. 2021, 32 s. 
500 |a Len v elektronickej podobe 
650 4 |a výpočet oteplenia  |2 slo 
650 4 |a IEC 61869-3:2011  |2 slo 
650 4 |a prístrojový transformátor napätia  |2 slo 
650 4 |a overheating calculation  |2 eng 
650 4 |a IEC 61869-3:2011  |2 eng 
650 4 |a instrument transformer of voltage  |2 eng 
700 1 |a Janíček, František  |u 032000  |k Z1  |4 ths  |U FEI Fakulta elektrotechniky a informatiky  |T FEI Ústav elektroenergetiky a aplikovanej elektrotechniky  |X 1958  |U E020  |Y 548  |7 A000001958 
856 4 |u http://is.stuba.sk/zp/portal_zp.pl?podrobnosti=138089 
996 |b 284ED01678  |c E*ZP-541  |l EE01  |s P  |a 0  |w stuzp60000_0001